La civilización azteca: origen, grandeza y decadencia
Сохранить в:
| Главный автор: | |
|---|---|
| Формат: | |
| Язык: | испанский |
| Опубликовано: |
Ciudad de México, México.
Fondo de Cultura Económica,
1973
|
| Редактирование: | 2a. ed |
| Серии: | Antropología
|
| Предметы: | |
| Метки: |
Добавить метку
Нет меток, Требуется 1-ая метка записи!
|
MARC
| LEADER | 00000cam a2200000 a 4500 | ||
|---|---|---|---|
| 001 | UCC9762 | ||
| 003 | CL-VaPUC | ||
| 005 | 20240125113216.0 | ||
| 008 | 191018e19730000mx |||||||||||||||||spa|d | ||
| 999 | |c 375775 |d 375773 | ||
| 020 | |a 9786071656957 | ||
| 040 | |c Pontificia Universidad Católica de Valparaíso | ||
| 082 | 0 | 4 | |a 970 VAI 1973 |2 21 |
| 100 | 0 | |a Vaillant, George Clapp |e author |9 604751 | |
| 245 | 1 | 3 | |a La civilización azteca: origen, grandeza y decadencia |
| 250 | |a 2a. ed | ||
| 260 | |a Ciudad de México, México. |b Fondo de Cultura Económica, |c 1973 | ||
| 300 | |a 317 páginas | ||
| 490 | 0 | |a Antropología | |
| 583 | |a last modification |c 20191018 08:32:00 |k Rodrigo Vera | ||
| 650 | 0 | |a Aztecas |9 265930 | |
| 650 | 0 | |a Civilización azteca |2 CL-VaPUC |9 450747 | |
| 650 | 0 | |a Historia de México |9 321806 | |
| 650 | 0 | |a Antropología cultural y social |9 265143 | |
| 942 | |c BK |2 ddc | ||
| 945 | |d 20191018 08:32:00 |a dcastane | ||
| 952 | |0 0 |1 0 |3 erb |4 0 |6 970_000000000000000_VAI_1973 |7 0 |8 ? |9 494832 |a BIBHIS |b BIBHIS |i 5564700 |o 970 VAI 1973 |p 5564700 |r 2025-01-20 |w 2019-11-24 |y BK |z Catalogado en:20191018 |k HIS | ||